Enfrentando la globalización: respuestas sociales a la integración económica de México /
Spremljeno u:
| Glavni autor: | |
|---|---|
| Daljnji autori: | |
| Format: | Tekst |
| Izdano: |
México, D.F.:
Red Mexicana de Acción Frente al Libre Comercio
|
| Teme: | |
| Oznake: |
Dodaj oznaku
Bez oznaka, Budi prvi tko označuje ovaj zapis!
|
MARC
| LEADER | 00000 a a2200000 04500 | ||
|---|---|---|---|
| 001 | 35119 | ||
| 003 | |||
| 040 | |||
| 090 | |a 0001 C284e | ||
| 100 | |a Carlsen, Laura | ||
| 245 | |a Enfrentando la globalización: respuestas sociales a la integración económica de México / |c Laura Carlsen | ||
| 260 | |a México, D.F.: |b Red Mexicana de Acción Frente al Libre Comercio | ||
| 300 | |a 273 p. | ||
| 650 | |a CAFE | ||
| 650 | |a PARTICIPACION DEL ESTADO | ||
| 650 | |a RECESION ECONOMICA | ||
| 650 | |a ORGANIZACIONES CAMPESINAS | ||
| 650 | |a AJUSTE ESTRUCTURAL | ||
| 650 | |a CAMPESINADO | ||
| 650 | |a MEXICO | ||
| 650 | |a PRODUCCION | ||
| 700 | |a coord. |a Wise, Tim |a coord. |a Salazar, Hilda |a coord. | ||
| 999 | |c 15400 |d 15400 | ||
